西青山駅の時刻表(平日) - Statistics

General Stats
  • This quiz has been taken 4 times
  • The average score is 8 of 19
Answer Stats
Hint Answer % Correct
5 48
100%
11 16
67%
12 16
67%
13 16
67%
14 16
67%
17 02 32
33%
18 02 35
33%
20 03 27 56
33%
19 03 32
33%
6 10 28 36 49
33%
23 12 40
33%
7 14 24 35 56
33%
16 15 29
33%
10 16 35
33%
15 16 35
33%
22 19 39
33%
21 20 34 56
33%
8 25 53
33%
9 30
33%
No matching quizzes found
Score Distribution
Percent of People with Each Score
Percentile by Number Answered
Your Score History
You have not taken this quiz